LEADER 01304nam 2200337Ia 450 001 996390318303316 005 20200824132603.0 035 $a(CKB)1000000000650626 035 $a(EEBO)2240953508 035 $a(OCoLC)ocm12244692e 035 $a(OCoLC)12244692 035 $a(EXLCZ)991000000000650626 100 $a19850709d1660 uy | 101 0 $aeng 135 $aurbn||||a|bb| 200 00$aConscientious, serious theological and legal quæres, propounded to the twice-dissipated, self-created anti-Parliamentary Westminster juncto, and its members..$b[electronic resource] /$fby William Prynne .. 205 $aThe second edition, corrected and enlarged. 210 $aLondon $cPrinted and are to be sold by Edward Thomas ...$d1660 215 $a[2], 54 p 300 $aReproduction of original in Huntington Library. 330 $aeebo-0113 607 $aGreat Britain$xPolitics and government$y1642-1660 700 $aPrynne$b William$f1600-1669.$0198500 801 0$bEAA 801 1$bEAA 801 2$bm/c 801 2$bWaOLN 906 $aBOOK 912 $a996390318303316 996 $aConscientious, serious theological and legal quæres, propounded to the twice-dissipated, self-created anti-Parliamentary Westminster juncto, and its members.$92403613 997 $aUNISA